Normal view
MARC view
Entry Topical Term
001 - CONTROL NUMBER
- control field: 15496
003 - CONTROL NUMBER IDENTIFIER
- control field: OSt
005 - DATE AND TIME OF LATEST TRANSACTION
- control field: 20260410151546.0
008 - FIXED-LENGTH DATA ELEMENTS
- fixed length control field: 260410|| aca||aabn | a|a d
040 ## - CATALOGING SOURCE
- Original cataloging agency: OSt
- Transcribing agency: OSt
150 ## - HEADING--TOPICAL TERM
- Topical term or geographic name entry element: Cattle
- General subdivision: Breeding
670 ## - SOURCE DATA FOUND
- Source citation: Work cat.: (OSt)1092: Ferolin, Arniel P. 2068 author, Field practice at Foundation University Dairy Multiplier Farm(FUDMF) in Azagra, Tanjay City /
